00321nam a22001337a 4500003000400000020001800004082001800022100002200040245002900062250000800091260003900099300000800138650004100146OSt a9788132100812 a658.3bAGO/EV aDevendra Agochiya aEvery Trainer's Handbook a2nd aNew DelhibSage Publicationsc2009 a407 aSteps in Preparing a Training Design